000
00237nam a2200097Ia 4500
008
240331s9999 xx 000 0 und d
082
_a
294.30954
_b
HIK
100
_a
Hikosaka, S
245
0
_a
Buddhism in Tamilnadu a new perspective
942
_c
L
999
_c
929
_d
929